| 000 | 00520nam a22001697a 4500 | ||
|---|---|---|---|
| 999 |
_c8693 _d8693 |
||
| 008 | 201210b ||||| |||| 00| 0 eng d | ||
| 040 | _aBMS College of Architecture | ||
| 100 | _aRudrappa, Shree Navya | ||
| 245 | _aCentre for Indian instruments | ||
| 300 | _avi.35p. | ||
| 500 | _a1BM12AT046 | ||
| 502 |
_8B,Arch _NBMS College of Architecture, Visvesvaraya Technological University (VTU) _aProject report _d2016 |
||
| 650 | _aNA | ||
| 700 |
_aRiju C Thomas _eGuide |
||
| 700 |
_aRadhika Kak _eGuide |
||
| 942 |
_2ddc _cTHE |
||